| 000 | 00566nam a2200205 a 4500 | ||
|---|---|---|---|
| 999 |
_c8015 _d8015 |
||
| 001 | 8015 | ||
| 003 | BD-JhCC | ||
| 005 | 20180217164252.0 | ||
| 008 | 180217s1994 bg ||||| |||| 000 0 eng d | ||
| 035 | _a(BD-JhCC) | ||
| 040 |
_aBD-JhCC _dBD-JhCC |
||
| 041 | _aeng | ||
| 082 |
_a333.9115 _bRAH 1994 |
||
| 100 | _aRahman, Khalilur | ||
| 245 |
_aManagement of International River Basins and Environmental Challenges / _cKhalilur Rahman |
||
| 260 |
_aDhaka: _bAcademic publishers, _c1994 |
||
| 300 |
_a53 p;, _c22 cm |
||
| 650 | _aWatershed management | ||
| 942 |
_2ddc _cBK |
||